Priority trhu práce na rok 1997
Priority trhu práce na r. 1997, ktoré schválil Národný úrad práce s cieľom podporiť riešenie závažných problémov nezamestnanosti v SR. Zvýšenie podielu rekvalifikácií v rámci nástrojov aktívnej politiky trhu práce. Riešenie problému dlhodobej nezamestnanosti a nezamestnanosti v regióne s kriticky vy...
Salvato in:
| Autore principale: | |
|---|---|
| Natura: | Capitolo di libro |
| Lingua: | slovacco |
| Soggetti: | |
| Tags: |
Nessun Tag, puoi essere il primo ad aggiungerne!!
|
MARC
| LEADER | 00000naa a2200000 4500 | ||
|---|---|---|---|
| 001 | r025936 | ||
| 005 | 20230824090346.2 | ||
| 041 | 0 | |a slo | |
| 044 | |a SK | ||
| 245 | 1 | 0 | |a Priority trhu práce na rok 1997 |c S. Vančo |
| 520 | |a Priority trhu práce na r. 1997, ktoré schválil Národný úrad práce s cieľom podporiť riešenie závažných problémov nezamestnanosti v SR. Zvýšenie podielu rekvalifikácií v rámci nástrojov aktívnej politiky trhu práce. Riešenie problému dlhodobej nezamestnanosti a nezamestnanosti v regióne s kriticky vysokou mierou nezamestnanosti. | ||
| 610 | 2 | 0 | |a Slovensko |
| 610 | 2 | 0 | |a 1997 |
| 610 | 2 | 0 | |a trh práce |
| 610 | 2 | 0 | |a nezamestnanosť |
| 610 | 2 | 0 | |a Národný úrad práce Bratislava |
| 610 | 2 | 0 | |a rekvalifikácia |
| 100 | 1 | |a Vančo, S. | |